Demogeographical Analysis of Slovakia

Salvato in:
Dettagli Bibliografici
Natura: Libro
Lingua:inglese
Pubblicazione: Bratislava : Comenium University, 2006
Soggetti:
Tags: Aggiungi Tag
Nessun Tag, puoi essere il primo ad aggiungerne!!

MARC

LEADER 00000nam a22000003a 4500
001 stu140404
005 20150617225925.6
008 070423s2006------------------------eng-d
020 |a 80-223-2192-3 
040 |a STU  |b slo 
041 0 |a eng 
100 1 |a Mládek, Jozef  |4 lso 
245 1 |a Demogeographical Analysis of Slovakia 
260 |a Bratislava :  |b Comenium University,  |c 2006 
300 |a 223 s 
650 7 |a analysis  |2 estusub 
650 7 |a Slovakia  |2 estusub 
650 7 |a population  |2 estusub 
650 7 |a Slovensko demografia  |2 stusub 
996 |b 284AU03491  |c A*5317 U  |l AAKNAR  |s A  |a 24  |w stu140404_0001